Statistics for Atlanta Hawks NBA Playoffs Leaders Per Year

Click here to take the quiz!

General Stats

  • This quiz has been taken 398 times
    (153 since last reset)
  • The average score is 17 of 59

Answer Stats

Player% Correct
Trae Young
100%
Clint Capela
92%
Dominique Wilkins
88%
Lenny Wilkens
87%
Al Horford
82%
Bob Pettit
73%
Paul Millsap
73%
Jeff Teague
71%
Josh Smith
70%
Steve Smith
69%
Joe Johnson
68%
Dejounte Murray
67%
Eddie Johnson
67%
Dikembe Mutombo
65%
De'Andre Hunter
59%
Kevin Huerter
49%
Bogdan Bogdanović
48%
Dennis Schroder
40%
Dwight Howard
35%
Onyeka Okongwu
34%
Pete Maravich
33%
Spud Webb
33%
Doc Rivers
32%
Lou Hudson
32%
Tree Rollins
26%
Kevin Willis
24%
Cliff Hagan
23%
Mookie Blaylock
23%
Kent Bazemore
17%
Johnny Davis
13%
Mike Bibby
13%
Moses Malone
12%
Dan Roundfield
11%
John Drew
11%
Zelmo Beaty
11%
Armond Hill
10%
Bill Bridges
10%
Richie Guerin
8%
Stacey Augmon
8%
Walt Bellamy
8%
Jon Koncak
7%
Danny Manning
5%
Grant Long
5%
Joe Caldwell
5%
Andrew Lang
4%
Greg Anderson
4%
Jack Coleman
3%
Jack McMahon
3%
Paul Graham
3%
Rory Sparrow
3%
Steve Hawes
3%
Walt Hazzard
3%
Charlie Criss
2%
Herm Gilliam
2%
Jack Nichols
2%
Johnny McCarthy
2%
Steve Henson
2%
Mike Glenn
1%
Tom McMillen
1%

Score Distribution

Percentile by Number Answered

Percent of People with Each Score

Your Score History

You have not taken this quiz since the last reset